000 01600nmm a22003617a 4500
003 CHAP
005 20240604135615.0
007 co |g||||aaaaa
008 000412s1998 sp | b 10 spa d
010 _a80812
011 _a81784
035 _a92264
040 _cCHAP
041 _aspa
090 _aCD-9
110 2 _aAgencia Española de Cooperación Internacional
_91114
245 0 _aCuadernos hispanoamericanos :
_h[disco compacto]
_bíndices
_c/por Agencia Española de Cooperación Internacional
264 1 _aMadrid :
_bMinisterio de Asuntos Exteriores de España,
_c1998.
300 _a1 disco compacto (CD)
_c4 3/4 pulgadas (12 cm.)
336 _2rdacontent
_aprograma de datos de la computadora
_bcod
337 _2rdamedia
_aordenador
_bc
338 _2rdacarrier
_adisco de computadora
_bcd
500 _aLa biblioteca tiene : 1948-1997 números 1/570,
516 _aPrograma de computadora.
538 _aComo consultar en el CD-ROM.... Cuando ejecute el programa SEARCH. EXE (directamente del CD-ROM o bien desde el disco duro si ejecutó el procedimiento de instalación), se abrirá un menú Windows con la tabla de contenidos de la publicación. Puede hacer click sobre cualquiera de los registros y se le mostrará una ventana con toda la información relativa al título elegido.
546 _aTexto en español.
590 _aBATCH-UPD
_b10
_c20130110
590 _aCONVERSION
_b10
_c20130109
650 1 4 _aLiteratura hispanoamericana.
_967130
905 _aLilia Sánchez G.
942 _cCD
_2local
949 _aCD-9
_bBC
_cCD
_d33724000778429
_eCD
_i92264
_sb
999 _c80812
_d80812